| 000 | 00619nam a2200205Ia 4500 | ||
|---|---|---|---|
| 005 | 20240207110107.0 | ||
| 008 | 131103s9999 xx 000 0 und d | ||
| 040 | _aLoreto College | ||
| 041 | _aEnglish | ||
| 082 |
_a370.15 _bSIL |
||
| 245 | 4 |
_aThe Psychology of Open Teaching and Learning, _cEdited by Melvin L.Silberman, Terome S. Allender, Jay M.Yanoff |
|
| 260 |
_aBoston _bLittle,Brown and Company _c1972 |
||
| 300 | _bill.,fig. 9 cm. | ||
| 504 | _aIncludes references | ||
| 650 | _aEducation | ||
| 651 | _aEducational psychology | ||
| 700 | _aSilberman,Melvin L.,ed. | ||
| 850 | _aLCLIB | ||
| 942 | _cBK | ||
| 999 |
_c3594 _d54073 |
||